Inorganic chemistry : (Record no. 1799)

MARC details
000 -LEADER
fixed length control field 00936nac a22002651i 4500
003 - CONTROL NUMBER IDENTIFIER
control field EG-ScBUE
005 - DATE AND TIME OF LATEST TRANSACTION
control field 20250813085516.0
008 - FIXED-LENGTH DATA ELEMENTS--GENERAL INFORMATION
fixed length control field 250805s1965 enka f 001 0 eng d
035 ## - SYSTEM CONTROL NUMBER
System control number (OCoLC)2330017
040 ## - CATALOGING SOURCE
Original cataloging agency EG-ScBUE
Language of cataloging eng
Description conventions rda
Transcribing agency EG-ScBUE
Modifying agency EG-ScBUE
082 04 - DEWEY DECIMAL CLASSIFICATION NUMBER
Classification number 546
Item number BAS
Edition number 22
100 1# - MAIN ENTRY--PERSONAL NAME
Personal name Bassett, J.,
Relator term author.
245 10 - TITLE STATEMENT
Title Inorganic chemistry :
Remainder of title a concise text /
Statement of responsibility, etc J. Bassett, M.Sc., F.R.I.C., senior lecturer in inorganic chemistry, The Woolwich Polytechnic.
250 ## - EDITION STATEMENT
Edition statement First edition.
264 #1 - PUBLICATION, DISTRIBUTION, ETC. (IMPRINT)
Place of publication, distribution, etc Oxford :
Name of publisher, distributor, etc Pergamon Press,
Date of publication, distribution, etc 1965.
300 ## - PHYSICAL DESCRIPTION
Extent viii, 347 pages :
Other physical details illustrations ;
Dimensions 20 cm.
336 ## - CONTENT TYPE
Source rdacontent
Content type term text
Content type code txt
337 ## - MEDIA TYPE
Media type term unmediated
Source rdamedia
Media type code n
338 ## - CARRIER TYPE
Carrier type term volume
Carrier type code nc
Source rdacarrier
490 0# - SERIES STATEMENT
Series statement The Commonwealth and international library. Chemistry division ;
Volume number/sequential designation 2264
500 ## - GENERAL NOTE
General note Includes index.<br/>
650 #7 - SUBJECT ADDED ENTRY--TOPICAL TERM
Topical term or geographic name as entry element Chemistry, Inorganic.
Source of heading or term BUEsh
655 ## - INDEX TERM--GENRE/FORM
Form subdivision Reading book
942 ## - ADDED ENTRY ELEMENTS (KOHA)
Koha item type Book - Borrowing
Source of classification or shelving scheme Dewey Decimal Classification
Holdings
Withdrawn status Lost status Source of classification or shelving scheme Damaged status Not for loan Home library Current library Shelving location Date acquired Source of acquisition Cost, normal purchase price Total Checkouts Full call number Barcode Date last seen Date checked out Cost, replacement price Koha item type
    Dewey Decimal Classification     Central Library Central Library First floor 06/12/2014 Donation 390.00 1 546 BAS 000002518 15/07/2025 15/09/2015 487.50 Book - Borrowing